ثبت السلامي المحدث شمس الدين محمد بن ابراهيم السلامي الحلبي

Bibliographic Details
Main Authors: سلامي، محمد بن ابراهيم (Author), حسين، محمد بن ابراهيم (Author)
Format: Book
Language:Arabic
Published: Bayrut : Dar al-Bashair al-Islamiyah , 2012
Edition:الطبعة 1
Series:سلسلة الأثبات والمشيخات والاجازات والمسلسلات 17
Subjects:

MARC

LEADER 00000cam a2200000 7i4500
001 0000082425
005 20130801093000.0
008 130327s2012 le ara
050 0 0 |a BP163   |b .S25 2012 
090 0 0 |a BP163   |b .S25 2012 
100 1 |a سلامي، محمد بن ابراهيم ,   |e author 
241 1 0 |a Thabat al-Sallami al-Muhadith Shams al-Din Muhammad Ibn Ibrahim al-Sallami al-Halabi 
245 1 0 |a ثبت السلامي المحدث شمس الدين محمد بن ابراهيم السلامي الحلبي   |c محمد بن ابراهيم السلامي؛ محمد ابراهيم الحسين 
250 |a الطبعة 1 
260 |a Bayrut :   |b Dar al-Bashair al-Islamiyah ,   |c 2012 
300 |a 280 p. ;   |c 25 cm. 
490 1 |a سلسلة الأثبات والمشيخات والاجازات والمسلسلات   |v 17 
504 |a Includes bibliographical references and index 
650 0 |a Muslim scholars 
650 0 |a Muslim   |x Intelectual life 
700 1 |a حسين، محمد بن ابراهيم ,   |e author 
999 |a 1000154844   |b Book   |c OPEN SHELF (30 DAYS)   |e Gong Badak Campus